| 000 | 03623nam0a2200469 4500 | ||
|---|---|---|---|
| 001 | RU\NLR\BIBL_A\011643191 | ||
| 005 | 20250626102853.0 | ||
| 020 |
_aRU _b12551 _9Сводный каталог листовок первых лет Советской власти (25 октября (7 ноября) 1917 - 1925) Т.4 (Ч.3). Листовки советских, партийных, профсоюзных, комсомольских и других организаций губерний РСФСР |
||
| 035 | _a(NLR Aleph) 011643191 | ||
| 090 |
_a11090759 _c11090759 |
||
| 100 | _a20180227d1921 |||y0rusy50 ca | ||
| 101 | 0 | _arus | |
| 102 | _aRU | ||
| 105 | _ay z 000zy | ||
| 135 | _acrcn 024apada | ||
| 200 | 1 |
_aКо всем потребительским обществам, профессиональным организациям, советским учреждениям и всем гражданам Царицынской губернии. "Товарищи и граждане! Постигнувшие нашу губернию два подряд неурожайных года..." _e[листовка] |
|
| 210 |
_aЦарицын _cТипо-лит. Губсовнархоза _d[1921] |
||
| 215 |
_a1 с. _d40х13 |
||
| 300 | _aПодписи: врид. председателя Губернского комитета и Губернской комиссии помощи голодающим А. Кащеев; за секретаря Губернского совета профессиональных союзов П. Овчинников; председатель Губернского союза потребительских о-в Богатов; председатель Губернского рабочего кооператива Товбин | ||
| 300 | _aДатировано по изд.: Кн. летопись. 1922. № 1129 | ||
| 325 | 1 | _aКопия доступна в Электронной библиотеке РНБ | |
| 327 | 1 | _aО поддержке кооперации | |
| 517 | 1 | _aТоварищи и граждане! | |
| 517 | 1 | _aПостигнувшие нашу губернию два подряд неурожайных года... | |
| 540 | 1 | _aО поддержке кооперации | |
| 607 |
_aРСФСР _jЛистовки _xПолитика и управление _y1917 - 1925 _92312782 _3RU\NLR\auth\6601609564 |
||
| 686 | 0 | _aТ3(2)71-313,011 | |
| 686 | 0 | _aТ3(2Р-7Ц)713-2,011 | |
| 702 | 1 |
_4720 _aКащеев _bА. _cучастник установления советской власти, г. Царицын _9192810 _3RU\NLR\AUTH\770192861 |
|
| 702 | 1 |
_4720 _aОвчинников _bП. _cучастник установления советской власти, г. Царицын _9193430 _3RU\NLR\AUTH\770193481 |
|
| 702 | 1 |
_4720 _aБогатов _cучастник установления советской власти, г. Царицын _9193432 _3RU\NLR\AUTH\770193483 |
|
| 702 | 1 |
_4720 _aТовбин _cучастник установления советской власти, г. Царицын _9193435 _3RU\NLR\AUTH\770193486 |
|
| 711 | 0 | 2 |
_aЦарицынская губернская комиссия помощи голодающим _9595812 _3RU\NLR\AUTH\880466898 |
| 852 | 0 | 0 |
_aNLR _bФЛ _j61/7 |
| 942 | _cBOOK | ||
| 980 | _aNB | ||
| 981 | 2 | 1 |
_a(21) Листовки _b(21) Листовки 1921 года |